Statistics for Guess the city by the picture (with hints)

Click here to take the quiz!

General Stats

  • This quiz has been taken 111 times
    (51 since last reset)
  • The average score is 13 of 24

Answer Stats

Answer% Correct
Beijing
83%
London
83%
St. Petersburg
83%
Warsaw
83%
Lisbon
73%
Amsterdam
71%
Barcelona
71%
Moscow
68%
Canberra
66%
Rio de Janeiro
66%
Munich
63%
Berlin
61%
Zagreb
61%
Istanbul
59%
Milan
46%
Paris
39%
Birmingham
37%
Medellìn
37%
Rome
37%
Sofia
34%
Bucharest
32%
Prague
32%
Helsinki
15%
Washington D.C.
15%

Score Distribution

Percentile by Number Answered

Percent of People with Each Score

Your Score History

You have not taken this quiz since the last reset